000 00903nas a2200301 4500
001 BR0810016
003 BR-BrBNA
005 20231205112929.0
007 ta
008 230509b bl.|||p| |||| 00| 00por d
040 _aBR-BrBNA
_bpor
_cBiblioteca Nacional de Agricultura
041 _a(Pt)
072 _aL50
100 1 _aMartiniano, L.C.
100 1 _aBezerra, C.W.B.
100 1 _aMarquez, E.P.
100 1 _aSouza, A.G. de
100 1 _aFernandes, R.N.
100 1 _aMarquez, A.L.B.
245 1 _aNovo método espectrofotométrico para determinação de Hg (2)em amostras de peixe
650 _aPEIXE
650 _aBIOLOGIA ANIMAL
650 _aESPECTROFOMETRIA
650 _aQUÍMICA
773 0 _tCiência e Tecnologia de Alimentos (Brazil)
_xISSN 0101-2061
_g(Apr-Jun 2008), v. 28(2) p. 373-379
_wBR0810016
909 _a202311
_bLúcia
_c55
_dLúcia Elande
942 _2AGRIS
_n0
_cANA
999 _c200849
_d200849